Online
Catalog
Normal view MARC view

Entry Nombre personal

Number of records used in: 10

001 - NÚMERO DE CONTROL

  • campo de control: 1504

003 - IDENTIFICADOR DEL NÚMERO DE CONTROL

  • campo de control: BNPHU

005 - FECHA Y HORA DE LA ÚLTIMA TRANSACCIÓN

  • campo de control: 20240305092125.0

008 - DATOS DE LONGITUD FIJA

  • campo de control de longitud fija: 200615|| aca||aabn | a|a d

040 ## - FUENTE DE LA CATALOGACIÓN

  • Centro catalogador/agencia de origen: DO-SdBNP
  • Lengua de catalogación: spa
  • Centro/agencia transcriptor: BNPHU
  • Normas de descripción: rda

100 1# - ENCABEZAMIENTO-NOMBRE DE PERSONA

  • Nombre de persona: Vargas Genao, Caracciolo,
  • Fechas asociadas al nombre: 1927-2015

370 ## - LUGAR ASOCIADO

  • Lugar de nacimiento: Santo Domingo, República Dominicana
  • Lugar de fallecimiento: Santo Domingo, República Dominicana

374 ## - OCUPACIÓN

  • Ocupación: Medico
  • Ocupación: Escritor
  • Ocupación: Poeta

375 ## - GÉNERO/SEXO

  • Género/Sexo: Masculino

377 ## - LENGUA/LENGUAJE ASOCIADO

  • Código del idioma: Español

400 1# - TRAZADO DE VÉASE--NOMBRE DE PERSONA

  • Nombre de persona: Genao, Caracciolo Vargas,
  • Fechas asociadas al nombre: 1927-

670 ## - FUENTE DE DATOS ENCONTRADOS

  • Cita de la fuente: Work cat.: (OSt)450: Vargas Genao, Caracciolo, 1927-, Piel de azabache :, 2008.

Powered by Koha